[Event "British Rapidplay Championship 2023"]
[Site "Mercure Bradford, Bankfield Hotel"]
[Date "2023.04.16"]
[Round "7.9"]
[White "Kryshtafor, Maksym"]
[Black "Mata, Andrew B"]
[Result "0-1"]
[TimeControl "All moves in 15 minutes plus 10 second increment per move from move 1"]
[WhiteElo "1667"]
[BlackElo "1912"]

1. e4 {[%clk 00:15:19]} {[%emt 00:00:01]} c6 {[%clk 00:15:16]} {[%emt
00:00:04]} 2. Nf3 {[%clk 00:15:23]} {[%emt 00:00:05]} d5 {[%clk 00:15:16]}
{[%emt 00:00:11]} 3. Nc3 {[%clk 00:15:25]} {[%emt 00:00:07]} dxe4 {[%clk
00:14:35]} {[%emt 00:00:51]} 4. Nxe4 {[%clk 00:15:18]} {[%emt 00:00:17]} Bf5
{[%clk 00:14:30]} {[%emt 00:00:16]} 5. Ng3 {[%clk 00:15:16]} {[%emt 00:00:12]}
Bg6 {[%clk 00:14:38]} {[%emt 00:00:02]} 6. h4 {[%clk 00:15:19]} {[%emt
00:00:07]} h6 {[%clk 00:14:40]} {[%emt 00:00:08]} 7. Ne5 {[%clk 00:15:24]}
{[%emt 00:00:05]} Qd6 {[%clk 00:10:07]} {[%emt 00:04:43]} 8. Nxg6 {[%clk
00:15:25]} {[%emt 00:00:09]} Qxg6 {[%clk 00:10:15]} {[%emt 00:00:02]} 9. d4
{[%clk 00:15:15]} {[%emt 00:00:19]} Qe6+ {[%clk 00:09:57]} {[%emt 00:00:29]} 10.
Be3 {[%clk 00:15:14]} {[%emt 00:00:11]} Nf6 {[%clk 00:10:01]} {[%emt 00:00:06]}
11. Bd3 {[%clk 00:13:46]} {[%emt 00:01:38]} Qc8 {[%clk 00:09:17]} {[%emt
00:00:53]} 12. O-O {[%clk 00:13:03]} {[%emt 00:00:53]} e6 {[%clk 00:09:01]}
{[%emt 00:00:27]} 13. Nh5 {[%clk 00:12:26]} {[%emt 00:00:46]} Nbd7 {[%clk
00:08:59]} {[%emt 00:00:13]} 14. c4 {[%clk 00:11:48]} {[%emt 00:00:48]} Nxh5
{[%clk 00:09:01]} {[%emt 00:00:07]} 15. Qxh5 {[%clk 00:11:51]} {[%emt
00:00:07]} Nf6 {[%clk 00:09:10]} {[%emt 00:00:02]} 16. Qf3 {[%clk 00:11:23]}
{[%emt 00:00:38]} Be7 {[%clk 00:07:00]} {[%emt 00:02:19]} 17. Rac1 {[%clk
00:10:41]} {[%emt 00:00:52]} Qd7 {[%clk 00:07:06]} {[%emt 00:00:05]} 18. Rfe1
{[%clk 00:10:31]} {[%emt 00:00:20]} O-O {[%clk 00:05:40]} {[%emt 00:01:36]} 19.
a3 {[%clk 00:07:50]} {[%emt 00:02:51]} a5 {[%clk 00:05:32]} {[%emt 00:00:18]}
20. a4 {[%clk 00:03:49]} {[%emt 00:04:10]} Rfd8 {[%clk 00:04:05]} {[%emt
00:01:37]} 21. Qg3 {[%clk 00:03:22]} {[%emt 00:00:38]} Bd6 {[%clk 00:03:23]}
{[%emt 00:00:52]} 22. Qh3 {[%clk 00:02:46]} {[%emt 00:00:46]} e5 {[%clk
00:02:16]} {[%emt 00:01:17]} 23. Qxd7 {[%clk 00:01:41]} {[%emt 00:01:14]} Rxd7
{[%clk 00:02:25]} {[%emt 00:00:02]} 24. dxe5 {[%clk 00:01:25]} {[%emt
00:00:27]} Bxe5 {[%clk 00:02:33]} {[%emt 00:00:01]} 25. Bf5 {[%clk 00:01:24]}
{[%emt 00:00:11]} Bxb2 {[%clk 00:02:15]} {[%emt 00:00:28]} 26. Rc2 {[%clk
00:01:25]} {[%emt 00:00:09]} Ba3 {[%clk 00:01:48]} {[%emt 00:00:37]} 27. Bxd7
{[%clk 00:01:27]} {[%emt 00:00:08]} Nxd7 {[%clk 00:01:56]} {[%emt 00:00:02]} 28.
Rd1 {[%clk 00:01:22]} {[%emt 00:00:15]} Nf6 {[%clk 00:02:05]} 29. Rb1 {[%clk
00:01:24]} {[%emt 00:00:08]} Bb4 {[%clk 00:02:10]} {[%emt 00:00:05]} 30. Bd2
{[%clk 00:01:30]} {[%emt 00:00:04]} c5 {[%clk 00:02:03]} {[%emt 00:00:16]} 31.
Bf4 {[%clk 00:01:35]} {[%emt 00:00:06]} Rd8 {[%clk 00:02:00]} {[%emt 00:00:13]}
32. Be3 {[%clk 00:01:19]} {[%emt 00:00:25]} Ne4 {[%clk 00:01:52]} {[%emt
00:00:18]} 33. f3 {[%clk 00:01:18]} {[%emt 00:00:12]} Nc3 {[%clk 00:01:56]}
{[%emt 00:00:06]} 34. Rbc1 {[%clk 00:01:17]} {[%emt 00:00:11]} Nxa4 {[%clk
00:02:01]} {[%emt 00:00:05]} 35. Ra1 {[%clk 00:01:12]} {[%emt 00:00:15]} Nb6
{[%clk 00:01:58]} {[%emt 00:00:13]} 36. Kf2 {[%clk 00:00:48]} {[%emt 00:00:34]}
a4 {[%clk 00:02:00]} {[%emt 00:00:08]} 37. Ke2 {[%clk 00:00:41]} {[%emt
00:00:17]} a3 {[%clk 00:02:06]} {[%emt 00:00:03]} 38. Raa2 {[%clk 00:00:48]}
{[%emt 00:00:03]} Na4 {[%clk 00:02:11]} {[%emt 00:00:06]} 39. Ra1 {[%clk
00:00:36]} {[%emt 00:00:22]} h5 {[%clk 00:02:07]} {[%emt 00:00:13]} 40. Bd2
{[%clk 00:00:26]} {[%emt 00:00:21]} Re8+ {[%clk 00:02:05]} {[%emt 00:00:12]} 41.
Kf2 {[%clk 00:00:24]} {[%emt 00:00:12]} g6 {[%clk 00:02:01]} {[%emt 00:00:13]}
42. Bc1 {[%clk 00:00:17]} {[%emt 00:00:18]} Be1+ {[%clk 00:01:50]} {[%emt
00:00:21]} 43. Kf1 {[%clk 00:00:21]} {[%emt 00:00:06]} Bxh4 {[%clk 00:01:57]}
{[%emt 00:00:02]} 44. Bd2 {[%clk 00:00:23]} {[%emt 00:00:09]} Bf6 {[%clk
00:02:03]} {[%emt 00:00:05]} 45. Rxa3 {[%clk 00:00:28]} {[%emt 00:00:04]} Nb2
{[%clk 00:02:10]} {[%emt 00:00:02]} 46. Rb3 {[%clk 00:00:28]} {[%emt 00:00:11]}
Nd1 {[%clk 00:01:20]} {[%emt 00:01:01]} 47. Rxb7 {[%clk 00:00:20]} {[%emt
00:00:18]} Ne3+ {[%clk 00:01:29]} {[%emt 00:00:01]} 48. Bxe3 {[%clk 00:00:23]}
{[%emt 00:00:07]} Rxe3 {[%clk 00:01:36]} {[%emt 00:00:02]} 49. Rc7 {[%clk
00:00:20]} {[%emt 00:00:13]} Bd4 {[%clk 00:01:45]} {[%emt 00:00:02]} 50. Rc8+
{[%clk 00:00:21]} {[%emt 00:00:09]} Kg7 {[%clk 00:01:53]} 51. Rd8 {[%clk
00:00:17]} {[%emt 00:00:14]} Ra3 {[%clk 00:02:00]} {[%emt 00:00:03]} 52. Rd2
{[%clk 00:00:17]} {[%emt 00:00:11]} Ra1+ {[%clk 00:02:04]} {[%emt 00:00:06]} 53.
Ke2 {[%clk 00:00:23]} {[%emt 00:00:03]} Rc1 {[%clk 00:02:00]} {[%emt 00:00:13]}
54. Kd3 {[%clk 00:00:16]} {[%emt 00:00:18]} Rc3+ {[%clk 00:02:09]} {[%emt
00:00:01]} 55. Ke4 {[%clk 00:00:21]} {[%emt 00:00:05]} Rxc4 {[%clk 00:02:15]}
{[%emt 00:00:03]} 56. Kd5 {[%clk 00:00:25]} {[%emt 00:00:07]} Ra4 {[%clk
00:02:16]} {[%emt 00:00:09]} 57. Re2 {[%clk 00:00:22]} {[%emt 00:00:13]} Ra7
{[%clk 00:02:21]} {[%emt 00:00:05]} 58. Ree8 {[%clk 00:00:26]} {[%emt
00:00:06]} Rb7 {[%clk 00:02:07]} {[%emt 00:00:24]} 59. Rh8 {[%clk 00:00:18]}
{[%emt 00:00:18]} Kf6 {[%clk 00:02:04]} {[%emt 00:00:13]} 60. Rhg8 {[%clk
00:00:17]} {[%emt 00:00:11]} Kg5 {[%clk 00:02:01]} {[%emt 00:00:13]} 61. Rgf8
{[%clk 00:00:15]} {[%emt 00:00:12]} Kh4 {[%clk 00:02:00]} {[%emt 00:00:12]} 62.
Rde8 {[%clk 00:00:13]} {[%emt 00:00:12]} Kg3 {[%clk 00:02:03]} {[%emt
00:00:06]} 63. Re2 {[%clk 00:00:20]} {[%emt 00:00:04]} h4 {[%clk 00:01:55]}
{[%emt 00:00:17]} 64. Rh8 {[%clk 00:00:20]} {[%emt 00:00:10]} Bxh8 {[%clk
00:02:02]} {[%emt 00:00:03]} 65. Kxc5 {[%clk 00:00:24]} {[%emt 00:00:07]} Rb2
{[%clk 00:01:59]} {[%emt 00:00:13]} 66. Re8 {[%clk 00:00:30]} {[%emt 00:00:03]}
Bg7 {[%clk 00:02:05]} {[%emt 00:00:03]} 67. Rg8 {[%clk 00:00:36]} {[%emt
00:00:05]} Be5 {[%clk 00:02:08]} {[%emt 00:00:08]} 68. Rf8 {[%clk 00:00:41]}
{[%emt 00:00:05]} f6 {[%clk 00:02:25]} {[%emt 00:00:08]} 69. Rg8 {[%emt
00:00:03]} g5 70. Kd5 {[%clk 00:00:43]} {[%emt 00:00:09]} Kxg2 {[%clk
00:02:30]} {[%emt 00:00:04]} 71. Ke4 {[%clk 00:00:43]} {[%emt 00:00:11]} Rb4+
{[%clk 00:02:36]} {[%emt 00:00:04]} 72. Kf5 {[%clk 00:00:51]} {[%emt 00:00:02]}
Rf4+ {[%clk 00:02:44]} {[%emt 00:00:02]} 73. Kg6 {[%clk 00:01:00]} {[%emt
00:00:02]} h3 {[%clk 00:02:51]} {[%emt 00:00:02]} 74. Rh8 {[%clk 00:01:08]}
{[%emt 00:00:01]} h2 {[%clk 00:02:59]} {[%emt 00:00:03]} 75. Kf7 {[%clk
00:01:15]} {[%emt 00:00:03]} h1=Q {[%emt 00:00:03]} 76. Rxh1 Kxh1 {[%clk
00:03:06]} 77. Kg6 {[%clk 00:01:30]} {[%emt 00:00:07]} g4 {[%clk 00:03:18]}
{[%emt 00:00:05]} 78. fxg4 {[%clk 00:01:38]} {[%emt 00:00:03]} Rxg4+ {[%clk
00:03:27]} {[%emt 00:00:01]} 79. Kf5 {[%clk 00:01:46]} {[%emt 00:00:02]} Rg5+
{[%clk 00:03:31]} {[%emt 00:00:06]} 80. Ke4 {[%clk 00:01:53]} {[%emt 00:00:03]}
Kg2 {[%clk 00:03:39]} {[%emt 00:00:02]} 81. Ke3 {[%clk 00:02:01]} {[%emt
00:00:02]} Rg4 {[%clk 00:03:46]} {[%emt 00:00:03]} 82. Ke2 {[%clk 00:02:09]}
{[%emt 00:00:02]} Rg3 {[%clk 00:03:54]} {[%emt 00:00:02]} 83. Kd2 {[%clk
00:02:18]} {[%emt 00:00:01]} Kf2 {[%clk 00:04:01]} {[%emt 00:00:03]} 84. Kd1
{[%clk 00:02:25]} {[%emt 00:00:03]} Ke3 {[%clk 00:04:05]} {[%emt 00:00:06]} 85.
Kc2 {[%clk 00:02:33]} {[%emt 00:00:02]} Kd4 {[%clk 00:04:14]} {[%emt 00:00:01]}
86. Kd2 {[%clk 00:02:42]} {[%emt 00:00:02]} Rg2+ {[%clk 00:04:22]} {[%emt
00:00:02]} 87. Ke1 {[%clk 00:02:51]} Kd3 {[%clk 00:04:26]} {[%emt 00:00:06]} 88.
Kf1 {[%clk 00:02:59]} {[%emt 00:00:02]} Ra2 {[%clk 00:04:34]} {[%emt 00:00:02]}
89. Ke1 {[%clk 00:03:07]} {[%emt 00:00:01]} Bg3+ {[%clk 00:04:39]} {[%emt
00:00:06]} 90. Kf1 {[%clk 00:03:15]} {[%emt 00:00:01]} Ke3 {[%clk 00:04:48]}
{[%emt 00:00:02]} 91. Kg1 {[%clk 00:03:24]} Kf3 {[%clk 00:04:55]} {[%emt
00:00:03]} 92. Kh1 {[%clk 00:03:33]} Ra1# {[%clk 00:05:03]} {[%emt 00:00:02]}
93. Kg1 {[%clk 00:15:10]} {[%emt 00:00:05]} 0-1

[Event "British Rapidplay Championship 2023"]
[Site "Mercure Bradford, Bankfield Hotel"]
[Date "2023.04.16"]
[Round "7.10"]
[White "Redmond, Nigel"]
[Black "May, Paul"]
[Result "0-1"]
[TimeControl "All moves in 15 minutes plus 10 second increment per move from move 1"]
[WhiteElo "1656"]
[BlackElo "1860"]

1. e4 {[%clk 00:15:08]} {[%emt 00:00:12]} c5 {[%emt 00:00:19]} 2. Nc3 {[%clk
00:14:55]} {[%emt 00:00:06]} a6 {[%clk 00:15:26]} {[%emt 00:00:03]} 3. f4
{[%clk 00:14:54]} {[%emt 00:00:10]} b5 {[%clk 00:15:17]} {[%emt 00:00:20]} 4.
Nf3 {[%clk 00:14:21]} {[%emt 00:00:42]} Bb7 {[%clk 00:15:18]} {[%emt 00:00:09]}
5. d3 {[%clk 00:14:15]} {[%emt 00:00:16]} e6 {[%clk 00:15:10]} {[%emt
00:00:19]} 6. g3 {[%clk 00:14:19]} {[%emt 00:00:05]} Nf6 {[%clk 00:15:06]}
{[%emt 00:00:15]} 7. Bg2 {[%clk 00:14:21]} {[%emt 00:00:07]} d5 {[%clk
00:14:51]} {[%emt 00:00:26]} 8. exd5 {[%clk 00:13:13]} {[%emt 00:01:18]} Nxd5
{[%clk 00:14:33]} {[%emt 00:00:28]} 9. Nxd5 {[%clk 00:13:03]} {[%emt 00:00:20]}
Bxd5 {[%clk 00:14:38]} {[%emt 00:00:05]} 10. O-O {[%clk 00:13:01]} {[%emt
00:00:10]} Be7 {[%clk 00:14:01]} {[%emt 00:00:48]} 11. Bd2 {[%clk 00:12:37]}
{[%emt 00:00:33]} O-O {[%clk 00:13:56]} {[%emt 00:00:16]} 12. h3 {[%clk
00:11:00]} {[%emt 00:01:47]} Nd7 {[%clk 00:12:22]} {[%emt 00:01:44]} 13. Kh2
{[%clk 00:10:59]} {[%emt 00:00:11]} Bf6 {[%clk 00:11:16]} {[%emt 00:01:16]} 14.
c3 {[%clk 00:09:05]} {[%emt 00:02:03]} Rb8 {[%clk 00:10:12]} {[%emt 00:01:15]}
15. d4 {[%clk 00:07:30]} {[%emt 00:01:45]} Bxf3 {[%clk 00:08:46]} {[%emt
00:01:36]} 16. Qxf3 {[%clk 00:06:32]} {[%emt 00:01:07]} cxd4 {[%clk 00:08:39]}
{[%emt 00:00:18]} 17. cxd4 {[%clk 00:05:22]} {[%emt 00:01:20]} Bxd4 {[%clk
00:08:21]} {[%emt 00:00:28]} 18. Rab1 {[%clk 00:04:26]} {[%emt 00:01:05]} Qf6
{[%clk 00:07:49]} {[%emt 00:00:44]} 19. Qc6 {[%clk 00:03:41]} {[%emt 00:00:54]}
Nb6 {[%clk 00:06:36]} {[%emt 00:01:23]} 20. b3 {[%clk 00:03:14]} {[%emt
00:00:38]} Rfc8 {[%clk 00:05:55]} {[%emt 00:00:50]} 21. Qe4 {[%clk 00:02:34]}
{[%emt 00:00:50]} Nd7 {[%clk 00:04:06]} {[%emt 00:01:58]} 22. f5 {[%clk
00:01:49]} {[%emt 00:00:57]} e5 {[%clk 00:04:02]} {[%emt 00:00:14]} 23. Qg4
{[%clk 00:01:52]} {[%emt 00:00:06]} h6 {[%clk 00:03:04]} {[%emt 00:01:08]} 24.
Rbc1 {[%clk 00:01:41]} {[%emt 00:00:21]} Nb6 {[%clk 00:02:09]} {[%emt
00:01:05]} 25. Qf3 {[%clk 00:01:15]} {[%emt 00:00:35]} Bb2 {[%clk 00:01:53]}
{[%emt 00:00:26]} 26. Rxc8+ {[%clk 00:00:46]} {[%emt 00:00:40]} Rxc8 {[%clk
00:02:02]} {[%emt 00:00:02]} 27. Qb7 {[%clk 00:00:32]} {[%emt 00:00:24]} Rc2
{[%clk 00:01:01]} {[%emt 00:01:10]} 28. Bb4 {[%clk 00:00:33]} {[%emt 00:00:09]}
Nc8 {[%clk 00:00:45]} {[%emt 00:00:26]} 29. Rd1 {[%clk 00:00:32]} {[%emt
00:00:11]} Bd4 {[%clk 00:00:37]} {[%emt 00:00:19]} 30. Qd7 {[%clk 00:00:33]}
{[%emt 00:00:08]} Nb6 {[%clk 00:00:21]} {[%emt 00:00:27]} 31. Qb7 {[%clk
00:00:31]} {[%emt 00:00:11]} Qxf5 {[%clk 00:00:20]} {[%emt 00:00:11]} 32. Rf1
{[%clk 00:00:35]} {[%emt 00:00:06]} Qe6 {[%clk 00:00:22]} {[%emt 00:00:09]} 33.
Qb8+ {[%clk 00:00:39]} {[%emt 00:00:06]} Kh7 {[%clk 00:00:29]} {[%emt
00:00:02]} 34. Qb7 {[%clk 00:00:52]} {[%emt 00:01:02]} Rf2 {[%clk 00:01:02]}
{[%emt 00:00:28]} 35. Rxf2 {[%clk 00:00:44]} {[%emt 00:00:19]} Bxf2 {[%clk
00:01:10]} {[%emt 00:00:02]} 36. Be4+ {[%clk 00:00:45]} {[%emt 00:00:09]} g6
{[%clk 00:00:51]} {[%emt 00:00:30]} 37. Kg2 {[%clk 00:00:48]} {[%emt 00:00:06]}
Bd4 {[%clk 00:00:53]} {[%emt 00:00:08]} 38. Bd2 {[%clk 00:00:35]} {[%emt
00:00:23]} Qf6 {[%clk 00:00:57]} {[%emt 00:00:06]} 39. Be1 {[%clk 00:00:32]}
{[%emt 00:00:14]} Qe6 {[%clk 00:00:34]} {[%emt 00:00:32]} 40. Kh2 {[%clk
00:00:34]} {[%emt 00:00:08]} Qd7 {[%clk 00:00:25]} {[%emt 00:00:19]} 41. Qxa6
{[%clk 00:00:29]} {[%emt 00:00:16]} Bc5 {[%clk 00:00:27]} {[%emt 00:00:06]} 42.
Qa5 {[%clk 00:00:27]} {[%emt 00:00:14]} Qd4 {[%clk 00:00:25]} {[%emt 00:00:11]}
43. Bxg6+ {[%clk 00:00:00]} {[%emt 00:00:27]} Qd5 {[%clk 00:15:10]} {[%emt
00:00:17]} 0-1

[Event "British Rapidplay Championship 2023"]
[Site "Mercure Bradford, Bankfield Hotel"]
[Date "2023.04.16"]
[Round "7.11"]
[White "Monterde, Angel"]
[Black "Slinger, AJ (Tony)"]
[Result "0-1"]
[TimeControl "All moves in 15 minutes plus 10 second increment per move from move 1"]
[WhiteElo "1646"]
[BlackElo "1841"]

1. f4 {[%clk 00:15:18]} {[%emt 00:00:03]} d5 {[%clk 00:15:13]} {[%emt
00:00:07]} 2. Nf3 {[%clk 00:15:26]} {[%emt 00:00:02]} Nf6 {[%clk 00:15:21]}
{[%emt 00:00:02]} 3. b3 {[%clk 00:15:32]} {[%emt 00:00:04]} Bg4 {[%clk
00:15:29]} {[%emt 00:00:02]} 4. e3 {[%clk 00:15:36]} {[%emt 00:00:06]} e6
{[%clk 00:15:08]} {[%emt 00:00:31]} 5. Bb2 {[%clk 00:15:43]} {[%emt 00:00:02]}
Be7 {[%clk 00:15:11]} {[%emt 00:00:07]} 6. h3 {[%clk 00:15:48]} {[%emt
00:00:06]} Bxf3 {[%clk 00:15:19]} {[%emt 00:00:02]} 7. Qxf3 {[%clk 00:15:53]}
{[%emt 00:00:04]} c6 {[%clk 00:15:27]} {[%emt 00:00:02]} 8. d3 {[%clk
00:15:29]} {[%emt 00:00:35]} a5 {[%clk 00:14:46]} {[%emt 00:00:51]} 9. Be2
{[%clk 00:14:42]} {[%emt 00:00:57]} a4 {[%clk 00:14:49]} {[%emt 00:00:08]} 10.
O-O {[%clk 00:14:26]} {[%emt 00:00:25]} axb3 {[%clk 00:14:57]} {[%emt
00:00:02]} 11. axb3 {[%clk 00:14:34]} {[%emt 00:00:02]} Rxa1 {[%clk 00:15:06]}
{[%emt 00:00:02]} 12. Bxa1 {[%clk 00:14:42]} {[%emt 00:00:02]} Nbd7 {[%clk
00:14:58]} {[%emt 00:00:17]} 13. Nd2 {[%clk 00:14:09]} {[%emt 00:00:43]} O-O
{[%clk 00:14:45]} {[%emt 00:00:22]} 14. Kh1 {[%clk 00:14:01]} {[%emt 00:00:18]}
Qc7 {[%clk 00:14:17]} {[%emt 00:00:39]} 15. d4 {[%clk 00:11:57]} {[%emt
00:02:14]} Qa5 {[%clk 00:13:00]} {[%emt 00:01:27]} 16. c3 {[%clk 00:11:48]}
{[%emt 00:00:19]} Qa2 {[%clk 00:13:01]} {[%emt 00:00:08]} 17. Rd1 {[%clk
00:11:14]} {[%emt 00:00:44]} Ra8 {[%clk 00:13:10]} {[%emt 00:00:02]} 18. Bd3
{[%clk 00:10:56]} {[%emt 00:00:28]} b5 {[%clk 00:11:17]} {[%emt 00:02:03]} 19.
g4 {[%clk 00:10:17]} {[%emt 00:00:49]} Nf8 {[%clk 00:11:07]} {[%emt 00:00:19]}
20. f5 {[%clk 00:09:41]} {[%emt 00:00:47]} Qa7 {[%clk 00:09:55]} {[%emt
00:01:22]} 21. e4 {[%clk 00:07:20]} {[%emt 00:02:31]} dxe4 {[%clk 00:09:12]}
{[%emt 00:00:53]} 22. Nxe4 {[%clk 00:07:26]} {[%emt 00:00:04]} Qc7 {[%clk
00:07:23]} {[%emt 00:01:59]} 23. Ng3 {[%clk 00:04:31]} {[%emt 00:03:05]} Ra2
{[%clk 00:05:41]} {[%emt 00:01:52]} 24. c4 {[%clk 00:04:24]} {[%emt 00:00:18]}
b4 {[%clk 00:04:52]} {[%emt 00:00:59]} 25. Rg1 {[%clk 00:04:17]} {[%emt
00:00:16]} Bd6 {[%clk 00:04:08]} {[%emt 00:00:53]} 26. Ne2 {[%clk 00:03:12]}
{[%emt 00:01:15]} Qa7 {[%clk 00:02:52]} {[%emt 00:01:26]} 27. g5 {[%clk
00:02:57]} {[%emt 00:00:26]} Ne8 {[%clk 00:02:48]} {[%emt 00:00:13]} 28. c5
{[%clk 00:02:22]} {[%emt 00:00:46]} Rxa1 {[%clk 00:02:39]} {[%emt 00:00:19]} 29.
cxd6 {[%clk 00:02:25]} {[%emt 00:00:07]} Rxg1+ {[%clk 00:02:41]} {[%emt
00:00:08]} 30. Kxg1 {[%clk 00:02:30]} {[%emt 00:00:05]} Nxd6 {[%clk 00:02:49]}
{[%emt 00:00:02]} 31. Qxc6 {[%clk 00:01:48]} {[%emt 00:00:52]} Nxf5 {[%clk
00:02:45]} {[%emt 00:00:13]} 32. Bxf5 {[%clk 00:01:10]} {[%emt 00:00:49]} exf5
{[%clk 00:02:52]} {[%emt 00:00:03]} 33. Kg2 {[%clk 00:01:11]} {[%emt 00:00:09]}
Qe7 {[%clk 00:02:52]} {[%emt 00:00:09]} 34. Ng3 {[%clk 00:00:24]} {[%emt
00:00:58]} Qxg5 {[%clk 00:02:58]} {[%emt 00:00:03]} 35. Qc4 {[%clk 00:00:17]}
{[%emt 00:00:17]} f4 {[%clk 00:03:03]} {[%emt 00:00:06]} 0-1

[Event "British Rapidplay Championship 2023"]
[Site "Mercure Bradford, Bankfield Hotel"]
[Date "2023.04.16"]
[Round "7.12"]
[White "Deepak Ambattu, Rithvik"]
[Black "Day, Paul G"]
[Result "1-0"]
[TimeControl "All moves in 15 minutes plus 10 second increment per move from move 1"]
[WhiteElo "1782"]
[BlackElo "1627"]

1. e4 {[%clk 00:15:14]} {[%emt 00:00:03]} e5 {[%clk 00:15:18]} {[%emt
00:00:05]} 2. Nf3 {[%clk 00:15:17]} {[%emt 00:00:04]} Nc6 {[%clk 00:15:25]}
{[%emt 00:00:05]} 3. Bb5 {[%clk 00:15:20]} {[%emt 00:00:06]} a6 {[%clk
00:15:28]} {[%emt 00:00:09]} 4. Ba4 {[%clk 00:15:29]} {[%emt 00:00:01]} Nf6
{[%clk 00:15:36]} {[%emt 00:00:02]} 5. O-O {[%clk 00:15:32]} {[%emt 00:00:05]}
Be7 {[%clk 00:15:31]} {[%emt 00:00:16]} 6. d3 {[%clk 00:15:36]} {[%emt
00:00:06]} b5 {[%clk 00:15:38]} {[%emt 00:00:03]} 7. Bb3 {[%clk 00:15:42]}
{[%emt 00:00:04]} O-O {[%clk 00:15:44]} {[%emt 00:00:04]} 8. Re1 {[%clk
00:15:38]} {[%emt 00:00:14]} d5 {[%clk 00:15:38]} {[%emt 00:00:16]} 9. exd5
{[%clk 00:15:28]} {[%emt 00:00:20]} Nxd5 {[%clk 00:15:45]} {[%emt 00:00:03]} 10.
Nxe5 {[%clk 00:15:17]} {[%emt 00:00:21]} Nxe5 {[%clk 00:15:52]} {[%emt
00:00:03]} 11. Rxe5 {[%clk 00:15:23]} {[%emt 00:00:04]} c6 {[%clk 00:15:59]}
{[%emt 00:00:03]} 12. Nd2 {[%clk 00:13:34]} {[%emt 00:01:59]} Bd6 {[%clk
00:16:05]} {[%emt 00:00:04]} 13. Re1 {[%clk 00:13:37]} {[%emt 00:00:07]} Qh4
{[%clk 00:16:08]} {[%emt 00:00:07]} 14. Nf3 {[%clk 00:13:22]} {[%emt 00:00:25]}
Qh5 {[%clk 00:16:09]} {[%emt 00:00:09]} 15. Bxd5 {[%clk 00:11:34]} {[%emt
00:01:57]} cxd5 {[%clk 00:16:16]} {[%emt 00:00:04]} 16. Bd2 {[%clk 00:09:18]}
{[%emt 00:02:26]} Bg4 {[%clk 00:16:18]} {[%emt 00:00:07]} 17. h3 {[%clk
00:09:07]} {[%emt 00:00:22]} Bxf3 {[%clk 00:15:22]} {[%emt 00:01:06]} 18. Qxf3
{[%clk 00:09:14]} {[%emt 00:00:03]} Qxf3 {[%clk 00:15:29]} {[%emt 00:00:03]} 19.
gxf3 {[%clk 00:09:21]} {[%emt 00:00:03]} Rac8 {[%clk 00:15:27]} {[%emt
00:00:11]} 20. Rac1 {[%clk 00:08:53]} {[%emt 00:00:39]} f5 {[%clk 00:15:06]}
{[%emt 00:00:30]} 21. Re6 {[%clk 00:08:42]} {[%emt 00:00:22]} Rc6 {[%clk
00:14:44]} {[%emt 00:00:31]} 22. Kh1 {[%clk 00:07:03]} {[%emt 00:01:49]} Rfc8
{[%clk 00:14:51]} {[%emt 00:00:04]} 23. c3 {[%clk 00:06:39]} {[%emt 00:00:34]}
Kf7 {[%clk 00:14:20]} {[%emt 00:00:41]} 24. Rce1 {[%clk 00:06:03]} {[%emt
00:00:46]} R8c7 {[%clk 00:13:32]} {[%emt 00:00:58]} 25. Kg2 {[%clk 00:05:16]}
{[%emt 00:00:56]} Be7 {[%clk 00:13:22]} {[%emt 00:00:21]} 26. R6e5 {[%clk
00:05:14]} {[%emt 00:00:12]} Rg6+ {[%clk 00:12:45]} {[%emt 00:00:47]} 27. Kh1
{[%clk 00:05:08]} {[%emt 00:00:16]} d4 {[%clk 00:12:09]} {[%emt 00:00:47]} 28.
Rxf5+ {[%clk 00:04:04]} {[%emt 00:01:13]} Rf6 {[%clk 00:12:11]} {[%emt
00:00:08]} 29. Ree5 {[%clk 00:03:55]} {[%emt 00:00:19]} dxc3 {[%clk 00:11:55]}
{[%emt 00:00:26]} 30. Bxc3 {[%clk 00:03:49]} {[%emt 00:00:16]} g6 {[%clk
00:11:51]} {[%emt 00:00:14]} 31. Rxe7+ {[%clk 00:03:50]} {[%emt 00:00:09]} Rxe7
{[%clk 00:11:59]} {[%emt 00:00:02]} 32. Rxf6+ {[%clk 00:03:58]} {[%emt
00:00:02]} 1-0